Pesticide application methods / (Record no. 205364)
[ view plain ]
| 000 -CABECERA | |
|---|---|
| campo de control de longitud fija | 00678nam a2200253Ia 4500 |
| 001 - NÚMERO DE CONTROL | |
| campo de control | Para_6506 |
| 003 - IDENTIFICADOR DEL NÚMERO DE CONTROL | |
| campo de control | CHAP |
| 008 - DATOS DE LONGITUD FIJA--INFORMACIÓN GENERAL | |
| campo de control de longitud fija | 220125s1979 xx 000 0 und d |
| 010 ## - NÚMERO DE CONTROL DE LA BIBLIOTECA DEL CONGRESO | |
| Número de control de LC | 205364 |
| 040 ## - FUENTE DE LA CATALOGACIÓN | |
| Centro/agencia transcriptor | CHAP |
| 082 ## - NÚMERO DE LA CLASIFICACIÓN DECIMAL DEWEY | |
| Número de clasificación | PA 632.95 M3 1979 |
| 100 ## - ENTRADA PRINCIPAL--NOMBRE DE PERSONA | |
| Nombre de persona | Matthews, G. A. |
| 9 (RLIN) | 73077 |
| 245 ## - MENCIÓN DE TÍTULO | |
| Título | Pesticide application methods / |
| Mención de responsabilidad, etc. | by G. A. Matthews |
| 260 ## - PUBLICACIÓN, DISTRIBUCIÓN, ETC. | |
| Lugar de publicación, distribución, etc. | New York : |
| Nombre del editor, distribuidor, etc. | Longman Scientific and Technical |
| 300 ## - DESCRIPCIÓN FÍSICA | |
| Extensión | 336 p. |
| 650 ## - PUNTO DE ACCESO ADICIONAL DE MATERIA--TÉRMINO DE MATERIA | |
| Término de materia o nombre geográfico como elemento de entrada | Pesticidas |
| Subdivisión general | aplicacion |
| 9 (RLIN) | 87539 |
| 901 ## - ELEMENTOS DE DATOS A LOCAL LDA (RLIN) | |
| a | PA 632.95 M3 1979 |
| 902 ## - ELEMENTOS DE DATOS B LOCAL, LDB (RLIN) | |
| a | A |
| 905 ## - ELEMENTOS DE DATOS E LOCAL, LDE (RLIN) | |
| a | 0000001979 ai 0000000000 00 |
| 910 ## - DATOS DE OPCIÓN DEL USUARIO (OCLC) | |
| Datos de opción del usuario | 1979 |
| 942 ## - ELEMENTOS DE PUNTO DE ACCESO ADICIONAL (KOHA) | |
| Tipo de ítem Koha | Parasitologia_ |
| 942 ## - ELEMENTOS DE PUNTO DE ACCESO ADICIONAL (KOHA) | |
| Tipo de ítem Koha | Parasitologia_ |
| -- | 1 |
| Estado de retiro | Estado de pérdida | Fuente del sistema de clasificación o colocación | Estado dañado | Restricciones de uso | No para préstamo | Código de colección | Localización permanente | Ubicación/localización actual | Fecha de adquisición | Número de inventario | Total de préstamos | Signatura topográfica completa | Código de barras | Fecha visto por última vez | Número de copia | Precio válido a partir de | Tipo de ítem Koha | Nota pública | Fecha del último préstamo |
|---|---|---|---|---|---|---|---|---|---|---|---|---|---|---|---|---|---|---|---|
| Dewey Decimal Classification | Préstamo 3 días | General | Parasitologia Agricola | Parasitologia Agricola | 27/10/2005 | (PA_1055) (No. UACh 118271) | PA 632.95 M3 1979 | 4102002814 | 25/01/2022 | Ej.5 | 25/01/2022 | Libro | 3 | ||||||
| Dewey Decimal Classification | Préstamo interno | General | Parasitologia Agricola | Parasitologia Agricola | 27/10/2005 | (PA_3757) (No. UACh 118230) | PA 632.95 M3 1979 | 4102002810 | 25/01/2022 | Ej.1 | 25/01/2022 | Libro | 3 | ||||||
| Dewey Decimal Classification | Préstamo 3 días | General | Parasitologia Agricola | Parasitologia Agricola | 27/10/2005 | (PA_3758) (No. UACh 118174) | 1 | PA 632.95 M3 1979 | 4102002811 | 05/12/2025 | Ej.2 | 25/01/2022 | Libro | 3 | 05/12/2025 | ||||
| Dewey Decimal Classification | Préstamo 3 días | General | Parasitologia Agricola | Parasitologia Agricola | 27/10/2005 | (PA_3759) (No. UACh 118272) | PA 632.95 M3 1979 | 4102002812 | 25/01/2022 | Ej.3 | 25/01/2022 | Libro | 3 | ||||||
| Dewey Decimal Classification | Préstamo 3 días | General | Parasitologia Agricola | Parasitologia Agricola | 27/10/2005 | (PA_3760) (No. UACh 118273) | PA 632.95 M3 1979 | 4102002813 | 25/01/2022 | Ej.4 | 25/01/2022 | Libro | 3 |
